|
|
|
|
| LEADER |
00759nam a2200205 i 4500 |
| 001 |
acta69556 |
| 005 |
20240603085323.0 |
| 008 |
200608s2014 hu o 000 hun d |
| 020 |
|
|
|a 978-615-5372-08-7
|
| 040 |
|
|
|a SZTE Egyetemi Kiadványok Repozitórium
|b hun
|
| 041 |
|
|
|a hun
|
| 100 |
1 |
|
|a Szabó Tibor
|
| 245 |
1 |
3 |
|a Az instabilitás kora
|h [elektronikus dokumentum] :
|b tanulmányok múltról, jelenről jövőről /
|c Szabó Tibor
|
| 260 |
|
|
|a Belvedere Meridionale
|b Szeged
|c 2014
|
| 300 |
|
|
|a 224
|c 24 cm
|
| 561 |
|
|
|a Belvedere Meridionale kötetek
|
| 650 |
|
4 |
|a Társadalomtudományok
|
| 650 |
|
4 |
|a Politikatudomány
|
| 695 |
|
|
|a Politikai filozófia, Globalizáció
|
| 856 |
4 |
0 |
|u http://acta.bibl.u-szeged.hu/69556/1/2014_instabilitas_kora.pdf
|z Dokumentum-elérés
|